00655nam a22001937a 450000500170000001000340001702000260005103500140007703500140009103700090010508200150011410000210012924500530015025000060020326000490020927001190025830000290037750000550040620250619151548.0 aDEC24SC ENG-142976 ENG-145493 a9789355017086c595.00 aEN-126508 aEN-129025 bDBAD a320.05421 aShivhare, Nitin  aIndian Polity And Governance/cBy Nitin Shivhare a1 aNew DelhibS Chand and Company Limitedc2023 a A-27, 2nd Floor, Mohan Co-operative Industrial EstatebNew Delhie110044minfo@schandpublishing.comk011-49731800 axxiii,386,86p.c26cm(pb) aFor UPSC Civil Services and State PSC Examinations